Jason Isaacs Filmography - Statistics

General Stats
  • This quiz has been taken 42 times
    4 since last reset
  • The average score is 26 of 214
Answer Stats
Type Year Name % Correct
Film 2000 The Patriot
75%
Film 2001 Black Hawk Down
50%
Film 2002 Harry Potter and the Chamber of Secrets
50%
Film 2010 Harry Potter and the Deathly Hallows - Part 1
50%
Film 2011 Harry Potter and the Deathly Hallows - Part 2
50%
Film 2009 Harry Potter and the Half-Blood Prince
50%
Film 2003 Peter Pan
50%
Film 2011 Abduction
25%
Film 2016 A Cure for Wellness
25%
Film 2014 After the Fall
25%
Film 2022 Agent Game
25%
Film 1998 Armageddon
25%
Film 2013 A Single Shot
25%
TV Show 2005 Avatar: The Last Airbender
25%
Film TBA A Winter's Journey
25%
Film 2010 Batman: Under the Red Hood
25%
Film 2004 Battle of the Brave
25%
Film 2011 Cars 2
25%
Short Film 2021 Cera
25%
Film 2021 Creation Stories
25%
Film 2014 Dawn
25%
Film 1998 Divorcing Jack
25%
Film 1996 Dragonheart
25%
Film 2021 Dr. Bird's Advice for Sad Poets
25%
Film 2005 Elektra
25%
Film 1997 Event Horizon
25%
Film 2021 Everything I Ever Wanted to Tell My Daughter About Men
25%
Film 2014 Field of Lost Shoes
25%
Film 2006 Friends with Money
25%
Film 2014 Fury
25%
Film 2008 Good
25%
Film 2011 Green Lantern: Emerald Knights
25%
Film 2010 Green Zone
25%
Film 2007 Grindhouse
25%
TV Film 1996 Guardians
25%
Film 2005 Harry Potter and the Goblet of Fire
25%
Film 2007 Harry Potter and the Order of the Phoenix
25%
Film 2002 High Times' Potluck
25%
Film 2025 Honey Bunch
25%
Film 2001 Hotel
25%
Film 2018 Hotel Mumbai
25%
Short Film 2020 Indigo
25%
Film 2015 Justice League: Gods and Monsters
25%
Film 2019 Koko: A Red Dog Story
25%
Short Film 2015 Lithgow Saint
25%
Film 2018 London Fields
25%
Film 2018 Look Away
25%
Film 2021 Mass
25%
Short Film 2018 Medusa's Ankles
25%
Film 2022 Mind-Set
25%
Film 2017 Monster Family
25%
Film 2021 Monster Family 2
25%
Film 2022 Mrs. Harris Goes to Paris
25%
Film 2005 Nine Lives
25%
Film 2021 Occupation: Rainfall
25%
Film 2021 Operation Mincemeat
25%
Film 2002 Passionada
25%
Film TBA Pierre the Pigeon-Hawk
25%
Film 2016 Red Dog: True Blue
25%
Film 2002 Resident Evil
25%
Short Film 2005 Riding with Sugar
25%
Film 2014 Rio, I Love You
25%
Film 2020 Scoob!
25%
Film 2021 Scooby-Doo! The Sword and the Scoob
25%
Film 1994 Shopping
25%
Short Film 2019 Show the Love
25%
Film 2010 Skeletons
25%
Film 2019 Skyfire
25%
Film 1998 Soldier
25%
Film 1995 Solitaire for 2
25%
Film 2023 Spinning Gold
25%
TV Show 2014-2016 Star Wars Rebels
25%
Film 2015 Stockholm, Pennsylvania
25%
Film 2021 Streamline
25%
Film 2020 Superman: Red Son
25%
Film 2001 Sweet November
25%
Film 2013 Sweetwater
25%
Film 2005 Tennis, Anyone... ?
25%
Film 2005 The Chumscrubber
25%
Film 2017 The Death of Stalin
25%
Film 1999 The End of the Affair
25%
Film 2008 The Escorial Conspiracy
25%
Web Series 2021, 2023 The Great
25%
Film 2011 The Great Ghost Rescue
25%
Film 2016 The Infiltrator
25%
Film 2001 The Last Minute
25%
TV Show 2013 The Legend of Korra
25%
Short Film 2008 The Rain Horse
25%
Film 2024 The Salt Path
25%
Short Film 2001 The Tag
25%
Film 1989 The Tall Guy
25%
Film 2002 The Tuxedo
25%
Film 2002 Windtalkers
25%
Film 2025 Words of War
25%
Theater 1993, 1996 1953
0%
TV Show 2017, 2018 After Trek
0%
Film 1998 All for Love
0%
TV Show 2022 American Dad!
0%
Theater 1993-1994 Angels in America
0%
Theater 1992-1993 Angels in America: A Gay Fantasia on National Themes
0%
Theater 1993-1994 An Inspector Calls
0%
TV Mini-Series 1989 A Quiet Conspiracy
0%
Theater 1993-1994 Arcadia
0%
TV Mini-Series 2023 Archie
0%
TV Film 1996 A Relative Stranger
0%
TV Mini-Series 1991 Ashenden
0%
TV Show 2012 Awake
0%
Documentary 2018 Back to Berlin
0%
Video Game 2023 Baldur's Gate III
0%
Podcast 2022-2024 Batman Unburied
0%
Video Game 1994 Beneath a Steel Sky
0%
Theater 1993-1994 Billy Liar
0%
TV Show 1995 Boon
0%
TV Show 2006-2008 Brotherhood
0%
TV Film 1996 Burn Your Phone
0%
TV Show 1989-1990 Capital City
0%
Theater 1993-1994 Carousel
0%
TV Show 2011-2013 Case Histories
0%
Web Series 2020 Castlevania
0%
Video Game 2010 Castlevania: Lords of Shadow
0%
Video Game 2014 Castlevania: Lords of Shadow 2
0%
TV Show 1992 Civvies
0%
TV Mini-Series 1995 Dangerous Lady
0%
Theater 2017 Dead Poets Live: Byron & Shelley
0%
TV Show 2015 Dig
0%
Theater 1999 East
0%
Video Game 2011 El Shaddai: Ascension of the Metatron
0%
TV Show 2008 Entourage
0%
TV Documentary 2019 Everything Is Connected: George Eliot's Life
0%
TV Film 1991 Eye Contact
0%
Theater 1993-1994 Furtive Nudist
0%
Video Game 2004 Future Tactics: The Uprising
0%
Short Film 2023 Gargoyle Doyle
0%
TV Show 2022 Good Sam
0%
Web Special 2022 Harry Potter 20th Anniversary: Return to Hogwarts
0%
Film 2025 Heavyweight
0%
TV Show 2020 Henry VIII: Man, Monarch, Monster
0%
TV Show 1993 Highlander: The Series
0%
Video Game 2016 Hitman
0%
Video Game 2018 Hitman 2
0%
Theater 1993-1994 Inadmissible Evidence
0%
TV Show 2022 Inside No. 9
0%
TV Show 1992 Inspector Morse
0%
TV Documentary 2013 JFK: Seven Days That Made a President
0%
Web Series 2012 Kendra
0%
Short Film 2020 Line of Duty Comic Relief Special
0%
TV Film 1995 Loved Up
0%
Theater 1993-1994 Macbeth
0%
Theater 1993-1994 Machinal
0%
Film TBA Maria
0%
Video Game 2022 Midnight Suns
0%
Film TBA Mistletoe & Wine
0%
Theater 1993-1994 Mother Courage and Her Children
0%
Theater 1993-1994 Mr. A's Amazing Maze Plays
0%
Theater 1993-1994 Murmuring Judges
0%
Video Game 2010 Napoleon: Total War
0%
Film TBA Occupation Rainfall: Chapter 2
0%
Theater 1993-1994 On the Ledge
0%
Theater 1993-1994 Pigspurt
0%
TV Film 2010 Pleading Guilty
0%
Theater 1993-1994 Racing Demon
0%
Film TBA Raider
0%
Web Series 2014-2015 Rebels Recon
0%
Video Game 2002 Reign of Fire
0%
TV Show 2018, 2019, 2021 Robot Chicken
0%
TV Mini-Series 2014 Rosemary's Baby
0%
TV Show 2006 Scars
0%
Web Series 2021 Sex Education
0%
Video Game 2005 Spartan: Total Warrior
0%
TV Show 2017 Star Trek Continues
0%
TV Show 2017-2018 Star Trek: Discovery
0%
Video Game 2010 Star Trek Online
0%
Video Game 2019 Star Trek Online: Rise of Discovery
0%
Web Series 2024 Star Wars: Tales of the Empire
0%
Video Game 2024 Suicide Squad: Kill the Justice League
0%
Theater 1993-1994 Sweeney Todd
0%
TV Show 1992 Taggart
0%
TV Show 1990 TECX
0%
Theater 1993-1994 The Absence of War
0%
Radio Series 2020 The Adventures of Superman
0%
TV Show 1992 The Bill
0%
Theater 1992 The Black and White Minstrels
0%
Film TBA The Boy at the Back of the Class
0%
Web Series 2022 The Boys Presents: Diabolical
0%
Web Mini-Series 2023 The Crowded Room
0%
TV Film 2008 The Curse of Steptoe
0%
Web Series 2019 The Dark Crystal: Age of Resistance
0%
Theater 1993-1994 The Day After Tomorrow
0%
Theater 2007 The Dumb Waiter
0%
TV Film 1997 The Fix
0%
Theater 2000 The Force of Change
0%
Theater 1993-1994 The Game of Love and Chance
0%
TV Mini-Series 1991 The Heroic Legend of Arislan
0%
TV Documentary 2007 The Hidden Secrets of Harry Potter
0%
TV Mini-Series 1998 The Last Don II
0%
Video Game 2021 The Last Worker
0%
Theater 1993-1994 The Madness of King George III
0%
Theater 1993-1994 The Mountain Giants
0%
Web Series 2016-2019 The OA
0%
Podcast 2023 The Riddler: Secrets in the Dark
0%
Podcast 2024 The Seneschal
0%
TV Film 2000 The Sight
0%
TV Mini-Series 2006 The State Within
0%
TV Film 2013 The Surgeon General
0%
TV Show 2004 The West Wing
0%
Podcast 2018 The West Wing Weekly
0%
TV Show 2025 The White Lotus
0%
Theater 1993-1994 The Wind in the Willows
0%
TV Show 1988 This Is David Lander
0%
Documentary Series 2010 Timeshift
0%
Theater 1993-1994 Trelawny of the Wells
0%
Film TBA Victorian Psycho
0%
Web Series 2024 What If...?
0%
Theater 2024 White Rabbit, Red Rabbit
0%
No matching quizzes found
Score Distribution
Percent of People with Each Score
Percentile by Number Answered
Your Score History
You have not taken this quiz since the last reset